On This Day: November 1st Quiz Stats

Quiz Updated Nov 2, 2017

Challenge
Share
Tweet
Embed
Score 0/7 Timer 03:00
4 Plays Today
Question Answer Wrong Answers
This man becomes the new (and last) Tsar of Russia after his father, Alexander III, dies.
1894
Nicholas II
84.2%
Paul I
1.2%
Peter III
4.8%
Ivan VI
8.9%
The British Parliament enacts this act on the Thirteen Colonies in order to help pay for British military operations in North America.
1765
Stamp Act
82.5%
Navigation Act
3%
Molasses Act
6.1%
Quartering Act
8.4%
This company becomes the first Asian automobile manufacturer to make cars in the US, with the Accord being the first model produced.
1982
Honda
76.5%
Toyota
14.2%
Nissan
5%
Mazda
1.9%
In a horse race deemed ‘The Match of the Century’, heavily favored War Admiral is defeated by this horse.
1938
Seabiscuit
73%
Secretariat
20.6%
Seattle Slew
3.8%
Snowman
1.4%
Tim Cook, CEO of this Silicon Valley based company, is born.
1960
Apple
61.9%
Google
25.2%
Cisco
9.4%
Facebook
1.9%
Antigua and Barbuda gains independence from this nation.
1981
United Kingdom
50%
France
21%
Spain
24.2%
United States
2.7%
The Motion Picture Association of America's film rating system is officially introduced, originating with the ratings G, ______, R, and X.
1968
M (Mature Audiences)
15.9%
PG (Parental Guidance Suggested)
66.8%
PG-13 (Parents Strongly Cautioned)
13.1%
E (Everyone)
2.3%

Today's Daily Dose

You're not logged in!

Compare scores with friends on all Sporcle quizzes.
Sign Up with Email
OR
Log In

You Might Also Like...

Show Comments

Extras

Top Quizzes Today


Score Distribution

Your Account Isn't Verified!

In order to create a playlist on Sporcle, you need to verify the email address you used during registration. Go to your Sporcle Settings to finish the process.

Report this User

Report this user for behavior that violates our Community Guidelines.

Details: